000 00560nam a2200217Ia 4500
003 OSt
005 20220930090814.0
006 a|||||r|||| 00| 0
007 ta
008 220926b |||||||| |||| 00| 0 eng d
024 _a1873
037 _cTheses
040 _aCRL
_cCRL
_beng
041 _2eng
_aeng
100 _aSindhu R S
_9543715
110 _aUniversity of Delhi
245 0 _aPolagraphic studies on hetal chelates of some distributed pyredimes
700 _aUniversity of Delhi
942 _cDIS
_2CC
999 _c881178
_d881178